01780nam a2200385 a 4500001001000000003000500010005001700015008004100032010001100073011001100084040000900095090001000104100003800114245022000152260004000372500006000412502011900472502003900591590004000630590004000670590004000710590004000750650004100790650004100831650004700872650004400919700004300963856007001006901000701076942001001083942000601093999001901099952014001118952013601258000112980CHAP20220329144331.0170307s2016 mx sm |||||||spa d a109441 a110413 cCHAP aTesis1 aHernández Cruz, Ángel913166410aEfecto de la suplementación con levadura (Saccharomyces cerevisiae) y minerales orgánicos en la actividad ovárica de borregas dorperh[En línea]cpor Ángel Hernández Cruz y Alan Alejandro Porras Caldera. aDurango, Méx. :bEl autor,c2016. aPara ver el contenido del material haga clic en la liga aTesis (Ing. Agr. en Sistemas Pecuarios de Zonas Áridas) -- UACH. Unidad Regional Universitaria de Zonas Áridas aTesis (Ing. en Sistemas Pecuarios) aE5765TAJb05c20170307lUCH01h0833 aE5765TAJb05c20170307lUCH01h0833 aE5765TAJb05c20170307lUCH01h0847 aE5765TAJb05c20170307lUCH01h084714aGanado lanarxAlimentación.94515314aGanado lanarxCiclo estrual.913166614aLevaduras en alimentación animal.96640414aMinerales en nutrición animal.9759371 aPorras Caldera, Alan Alejandro9131665 aFinding aiduhttp://10.13.5.2/tesis/sist112980.pdfzTeclea aquí aBK cTESIS n0 c109441d109441 00102local4053708TESISaBCbBCcPA_TESISd2017-03-07fTESISl0oTesisp33724002532256r2019-12-31 00:00:00tc.2w2019-12-31yTESIS 00104054718TESISaBCbBCd2017-03-07fTESISl0oTesisp33724002532298r2019-12-31 00:00:00w2019-12-31yTESISzRecien adquirido